000 00606cam a2200241 4500
001 J389
008 090401t xxu||||| |||| 00| 0 eng d
035 _a(Sirsi) u74665
041 _aeng
050 _a333.33016
110 _aJones Lang Wootton
_92909
245 _aProperty index . - Spring - Summer, Winter 1989.
260 _aLondon
_bJones Lang Wootton
_c1989-90
300 _a3pt. ; 30cm.
350 _a0
520 _aPublished quarterly.
650 _aCAPITAL VALUES
650 _aINDICES
650 _aPROPERTY INVESTMENT
650 _aRENTAL VALUES
942 _n0
948 _c04/03/1997
999 _c95905
_d95905